000 00322nam a2200109Ia 4500
008 201217s9999 xx 000 0 und d
100 _aVerma, Pramod
245 0 _aPersonnel Management In Indian Organisations (Concepts and Cases)
260 _aNew Delhi
_bOxford & IBH Publishing Co. Pvt. Ltd.
300 _a390
942 _cBK
999 _c7859
_d7859